000 00763nam a2200241Ia 4500
003 OSt
005 20220923221314.0
006 a|||||r|||| 00| 0
007 ta
008 220922b |||||||| |||| 00| 0 hin d
024 _a196,922
037 _cTextual
040 _aARTS
_cARTS
_bhin
041 _2hin
_ahin
082 _aP152, L71
100 _aराजवाडे़, शं गो0, अनु.
_9165368
245 0 _aग्रामतिका इन्दोस्ताना
246 _aGrāmatikā indostānā
260 _aमथुरा
_b जवाहर गुरू
_c1977
300 _a68पृ.
_ccm.
942 _hP152, L71
_cTEXL
_2CC
999 _c348793
_d348793